|
|
|
|
| LEADER |
00000cam a2200000 7i4500 |
| 001 |
0000039490 |
| 005 |
20241220110613.0 |
| 022 |
0 |
|
|a 16751051
|
| 090 |
0 |
0 |
|a 305.4
|b HER
|
| 245 |
0 |
0 |
|a Her World
|
| 260 |
|
|
|a Kuala Lumpur :
|b Berita Publishing Sdn. Bhd ,
|c 19--
|
| 300 |
|
|
|a p.v. :
|b ill. ;
|c 30 cm.
|
| 650 |
0 |
0 |
|a Beauty
|x Periodicals
|
| 650 |
0 |
0 |
|a Fashion
|x Periodicals
|
| 650 |
0 |
0 |
|a Women
|x Periodicals
|
| 850 |
|
|
|a HQ : BV;Jan 2000-Dec 2001, Jan-Dec 2002,Jan-Dec 2003, Jan-Dec 2004,Jan-June 2005, July-Dec 2005, Jan-Dec 2006, January-March 2007, April-December 2007. Januari-April 2008, May-August 2008, January-April 2009.
|
| 850 |
|
|
|a PKPJ : v2010 no9-12 copy1
|
| 850 |
|
|
|a PKPJ : v2011 no1-4 copy1
|
| 850 |
|
|
|a PKPJ : v2011 no5-8 copy1
|
| 850 |
|
|
|a PKPJ : v2011 no9-12 copy1
|
| 850 |
|
|
|a PKPJ : v2012 no1-4 copy1
|
| 850 |
|
|
|a PKPJ : v2012 no5-8 copy1
|
| 850 |
|
|
|a PKPJ : v2012 no9-12 copy1
|
| 850 |
|
|
|a PKPJ : v2013 no1-4 copy1
|
| 850 |
|
|
|a PKPJ : v2013 no5-8 copy1
|
| 850 |
|
|
|a PKPJ : v2013 no9-12 copy1
|
| 850 |
|
|
|a PKPJ : v2010 no1-4 copy1
|
| 850 |
|
|
|a PKPJ : v2010 no5-8 copy1
|
| 850 |
|
|
|a PKPJ : v2014 no1-4 copy1
|
| 850 |
|
|
|a PKPJ : v2014 no5-8 copy1
|
| 850 |
|
|
|a PKPJ : v2014 no9-12 copy1
|
| 850 |
|
|
|a PKPJ : v2015 no1-4 copy1
|
| 850 |
|
|
|a PKPJ : v2015 no5-8 copy1
|
| 850 |
|
|
|a PKPJ : v2015 no9-12 copy1
|
| 999 |
|
|
|a 00172937
|b MAJALAH
|c MAJALAH RUJUKAN
|e PERPUSTAKAAN KOMUNITI PETALING JAYA
|
| 999 |
|
|
|a 087287/99
|b BUKU
|c MAJALAH RUJUKAN
|e PERPUSTAKAAN KOMUNITI PETALING JAYA
|
| 999 |
|
|
|a 087314/99
|b BUKU
|c MAJALAH RUJUKAN
|e PERPUSTAKAAN KOMUNITI PETALING JAYA
|
| 999 |
|
|
|a 089449/99
|b MAJALAH
|c MAJALAH RUJUKAN
|e PERPUSTAKAAN KOMUNITI PETALING JAYA
|
| 999 |
|
|
|a 098552/97
|b BUKU
|c MAJALAH RUJUKAN
|e PERPUSTAKAAN KOMUNITI PETALING JAYA
|
| 999 |
|
|
|a 098568/98
|b MAJALAH
|c MAJALAH RUJUKAN
|e PERPUSTAKAAN KOMUNITI PETALING JAYA
|
| 999 |
|
|
|a 098625/97
|b BUKU
|c MAJALAH RUJUKAN
|e PERPUSTAKAAN KOMUNITI PETALING JAYA
|
| 999 |
|
|
|a 098652/98
|b BUKU
|c MAJALAH RUJUKAN
|e PERPUSTAKAAN KOMUNITI PETALING JAYA
|
| 999 |
|
|
|a 105628/00
|b BUKU
|c MAJALAH RUJUKAN
|e PERPUSTAKAAN KOMUNITI PETALING JAYA
|
| 999 |
|
|
|a 105637/00
|b BUKU
|c MAJALAH RUJUKAN
|e PERPUSTAKAAN KOMUNITI PETALING JAYA
|
| 999 |
|
|
|a 105637/96
|b BUKU
|c MAJALAH RUJUKAN
|e PERPUSTAKAAN KOMUNITI PETALING JAYA
|
| 999 |
|
|
|a 105642/96
|b BUKU
|c MAJALAH RUJUKAN
|e PERPUSTAKAAN KOMUNITI PETALING JAYA
|
| 999 |
|
|
|a 110678/96
|b BUKU
|c MAJALAH RUJUKAN
|e PERPUSTAKAAN KOMUNITI PETALING JAYA
|
| 999 |
|
|
|a 111234/00
|b BUKU
|c MAJALAH RUJUKAN
|e PERPUSTAKAAN KOMUNITI PETALING JAYA
|
| 999 |
|
|
|a 111254/00
|b BUKU
|c MAJALAH RUJUKAN
|e PERPUSTAKAAN KOMUNITI PETALING JAYA
|
| 999 |
|
|
|a 111439/01
|b BUKU
|c MAJALAH RUJUKAN
|e PERPUSTAKAAN KOMUNITI PETALING JAYA
|
| 999 |
|
|
|a 111464/01
|b BUKU
|c MAJALAH RUJUKAN
|e PERPUSTAKAAN KOMUNITI PETALING JAYA
|
| 999 |
|
|
|a 130250/01
|b BUKU
|c MAJALAH RUJUKAN
|e PERPUSTAKAAN KOMUNITI PETALING JAYA
|
| 999 |
|
|
|a 154678/02
|b MAJALAH
|c MAJALAH RUJUKAN
|e PERPUSTAKAAN KOMUNITI PETALING JAYA
|
| 999 |
|
|
|a 154690/02
|b MAJALAH
|c MAJALAH RUJUKAN
|e PERPUSTAKAAN KOMUNITI PETALING JAYA
|
| 999 |
|
|
|a 163780/03
|b MAJALAH
|c MAJALAH RUJUKAN
|e PERPUSTAKAAN KOMUNITI PETALING JAYA
|
| 999 |
|
|
|a 180134/04
|b MAJALAH
|c MAJALAH RUJUKAN
|e PERPUSTAKAAN KOMUNITI PETALING JAYA
|
| 999 |
|
|
|a 180213/04
|b MAJALAH
|c MAJALAH RUJUKAN
|e PERPUSTAKAAN KOMUNITI PETALING JAYA
|
| 999 |
|
|
|a 183380/04
|b MAJALAH
|c MAJALAH RUJUKAN
|e PERPUSTAKAAN KOMUNITI PETALING JAYA
|
| 999 |
|
|
|a 185125/04
|b MAJALAH
|c MAJALAH RUJUKAN
|e PERPUSTAKAAN KOMUNITI PETALING JAYA
|
| 999 |
|
|
|a 188191/05
|b MAJALAH
|c MAJALAH RUJUKAN
|e PERPUSTAKAAN KOMUNITI PETALING JAYA
|
| 999 |
|
|
|a 188300/05
|b DIGITAL VIDEO DISC
|c MAJALAH RUJUKAN
|e PERPUSTAKAAN KOMUNITI PETALING JAYA
|
| 999 |
|
|
|a 194416/05
|b MAJALAH
|c MAJALAH RUJUKAN
|e PERPUSTAKAAN KOMUNITI PETALING JAYA
|
| 999 |
|
|
|a 194499/05
|b MAJALAH
|c MAJALAH RUJUKAN
|e PERPUSTAKAAN KOMUNITI PETALING JAYA
|
| 999 |
|
|
|a 200785/06
|b MAJALAH
|c MAJALAH RUJUKAN
|e PERPUSTAKAAN KOMUNITI PETALING JAYA
|
| 999 |
|
|
|a 200816/06
|b MAJALAH
|c MAJALAH RUJUKAN
|e PERPUSTAKAAN KOMUNITI PETALING JAYA
|
| 999 |
|
|
|a 201479/06
|b MAJALAH
|c MAJALAH RUJUKAN
|e PERPUSTAKAAN KOMUNITI PETALING JAYA
|
| 999 |
|
|
|a 206645/06
|b MAJALAH
|c MAJALAH RUJUKAN
|e PERPUSTAKAAN KOMUNITI PETALING JAYA
|
| 999 |
|
|
|a 212926/07
|b MAJALAH
|c MAJALAH RUJUKAN
|e PERPUSTAKAAN KOMUNITI PETALING JAYA
|
| 999 |
|
|
|a 216943/07
|b MAJALAH
|c MAJALAH RUJUKAN
|e PERPUSTAKAAN KOMUNITI PETALING JAYA
|
| 999 |
|
|
|a 216944/07
|b MAJALAH
|c MAJALAH RUJUKAN
|e PERPUSTAKAAN KOMUNITI PETALING JAYA
|
| 999 |
|
|
|a 224637/08
|b MAJALAH
|c MAJALAH RUJUKAN
|e PERPUSTAKAAN KOMUNITI PETALING JAYA
|
| 999 |
|
|
|a 226006/07
|b MAJALAH
|c MAJALAH RUJUKAN
|e PERPUSTAKAAN KOMUNITI PETALING JAYA
|
| 999 |
|
|
|a 226055/08
|b MAJALAH
|c MAJALAH RUJUKAN
|e PERPUSTAKAAN KOMUNITI PETALING JAYA
|
| 999 |
|
|
|a 233843/09
|b MAJALAH
|c MAJALAH RUJUKAN
|e PERPUSTAKAAN KOMUNITI PETALING JAYA
|
| 999 |
|
|
|a 244285/10
|b MAJALAH
|c MAJALAH RUJUKAN
|e PERPUSTAKAAN KOMUNITI PETALING JAYA
|
| 999 |
|
|
|a 244391/09
|b MAJALAH
|c MAJALAH RUJUKAN
|e PERPUSTAKAAN KOMUNITI PETALING JAYA
|
| 999 |
|
|
|a 244483/09
|b MAJALAH
|c MAJALAH RUJUKAN
|e PERPUSTAKAAN KOMUNITI PETALING JAYA
|
| 999 |
|
|
|a 253674/10
|b MAJALAH
|c MAJALAH RUJUKAN
|e PERPUSTAKAAN KOMUNITI PETALING JAYA
|
| 999 |
|
|
|a 253732/08
|b MAJALAH
|c MAJALAH RUJUKAN
|e PERPUSTAKAAN KOMUNITI PETALING JAYA
|
| 999 |
|
|
|a 254102/11
|b MAJALAH
|c MAJALAH RUJUKAN
|e PERPUSTAKAAN KOMUNITI PETALING JAYA
|
| 999 |
|
|
|a 254194/10
|b MAJALAH
|c MAJALAH RUJUKAN
|e PERPUSTAKAAN KOMUNITI PETALING JAYA
|
| 999 |
|
|
|a 262601/11
|b MAJALAH
|c MAJALAH RUJUKAN
|e PERPUSTAKAAN KOMUNITI PETALING JAYA
|
| 999 |
|
|
|a 262604/11
|b MAJALAH
|c MAJALAH RUJUKAN
|e PERPUSTAKAAN KOMUNITI PETALING JAYA
|
| 999 |
|
|
|a 264178/12
|b MAJALAH
|c MAJALAH RUJUKAN
|e PERPUSTAKAAN KOMUNITI PETALING JAYA
|
| 999 |
|
|
|a 264261/12
|b MAJALAH
|c MAJALAH RUJUKAN
|e PERPUSTAKAAN KOMUNITI PETALING JAYA
|
| 999 |
|
|
|a 282003/16
|b MAJALAH
|c MAJALAH RUJUKAN
|e PERPUSTAKAAN KOMUNITI PETALING JAYA
|
| 999 |
|
|
|a 282261/12
|b MAJALAH
|c MAJALAH RUJUKAN
|e PERPUSTAKAAN KOMUNITI PETALING JAYA
|
| 999 |
|
|
|a 282419/13
|b MAJALAH
|c MAJALAH RUJUKAN
|e PERPUSTAKAAN KOMUNITI PETALING JAYA
|
| 999 |
|
|
|a 282519/13
|b MAJALAH
|c MAJALAH RUJUKAN
|e PERPUSTAKAAN KOMUNITI PETALING JAYA
|
| 999 |
|
|
|a 282551/13
|b MAJALAH
|c MAJALAH RUJUKAN
|e PERPUSTAKAAN KOMUNITI PETALING JAYA
|
| 999 |
|
|
|a 282611/14
|b MAJALAH
|c MAJALAH RUJUKAN
|e PERPUSTAKAAN KOMUNITI PETALING JAYA
|
| 999 |
|
|
|a 282687/14
|b MAJALAH
|c MAJALAH RUJUKAN
|e PERPUSTAKAAN KOMUNITI PETALING JAYA
|
| 999 |
|
|
|a 282844/14
|b MAJALAH
|c MAJALAH RUJUKAN
|e PERPUSTAKAAN KOMUNITI PETALING JAYA
|
| 999 |
|
|
|a 282881/15
|b MAJALAH
|c MAJALAH RUJUKAN
|e PERPUSTAKAAN KOMUNITI PETALING JAYA
|
| 999 |
|
|
|a 282980/15
|b MAJALAH
|c MAJALAH RUJUKAN
|e PERPUSTAKAAN KOMUNITI PETALING JAYA
|
| 999 |
|
|
|a 282990/15
|b MAJALAH
|c MAJALAH RUJUKAN
|e PERPUSTAKAAN KOMUNITI PETALING JAYA
|
| 999 |
|
|
|a 334950/16
|b MAJALAH
|c MAJALAH RUJUKAN
|e PERPUSTAKAAN KOMUNITI PETALING JAYA
|
| 999 |
|
|
|a 334982/16
|b MAJALAH
|c MAJALAH RUJUKAN
|e PERPUSTAKAAN KOMUNITI PETALING JAYA
|
| 999 |
|
|
|a 335034/17
|b MAJALAH
|c MAJALAH RUJUKAN
|e PERPUSTAKAAN KOMUNITI PETALING JAYA
|
| 999 |
|
|
|a 335048/17
|b MAJALAH
|c MAJALAH RUJUKAN
|e PERPUSTAKAAN KOMUNITI PETALING JAYA
|
| 999 |
|
|
|a 335058/17
|b MAJALAH
|c MAJALAH RUJUKAN
|e PERPUSTAKAAN KOMUNITI PETALING JAYA
|